Online Catalogue and eLibrary

Culture matters : (Record no. 262)

MARC details
000 -LEADER
fixed length control field 00847cam a22002534a 4500
001 - CONTROL NUMBER
control field 11902428
005 - DATE AND TIME OF LATEST TRANSACTION
control field 20240201234833.0
008 - FIXED-LENGTH DATA ELEMENTS--GENERAL INFORMATION
fixed length control field 000203s2000 nyua b 001 0 eng
020 ## - INTERNATIONAL STANDARD BOOK NUMBER
ISBN 0465031757
020 ## - INTERNATIONAL STANDARD BOOK NUMBER
ISBN 0465031765 (pbk.)
040 ## - CATALOGING SOURCE (பட்டியலாக்க மூலம்)
Original cataloging agency DLC
Transcribing agency DLC
Modifying agency DLC
082 00 - DDC Classification
Class No. 306
DDC Edition Number 21
245 00 - TITLE STATEMENT
Title Culture matters :
Remainder of title how values shape human progress /
Statement of responsibility, etc. Lawrence E. Harrison, Samuel P. Huntington, editors.
260 ## - PUBLICATION, DISTRIBUTION, ETC.
Place of publication, distribution, etc. New York :
Name of publisher, distributor, etc. Basic Books,
Date of publication, distribution, etc. 2000.
300 ## - PHYSICAL DESCRIPTION
Extent (e.g. Volumes, Pages etc.) xxxiv, 348 p. :
650 #0 - SUBJECT ADDED ENTRY--TOPICAL TERM
Topical term or geographic name entry element Social values.
650 #0 - SUBJECT ADDED ENTRY--TOPICAL TERM
Topical term or geographic name entry element Culture.
700 1# - ADDED ENTRY--PERSONAL NAME
Personal name Huntington, Samuel P.
Relator term (Role) Editor
700 1# - ADDED ENTRY--PERSONAL NAME
Personal name Harrison, Lawrence E.
Relator term (Role) Editor
856 42 - ELECTRONIC LOCATION AND ACCESS
Uniform Resource Identifier <a href="http://www.h-net.org/review/hrev-a0b8u0-aa">http://www.h-net.org/review/hrev-a0b8u0-aa</a>
856 42 - ELECTRONIC LOCATION AND ACCESS
Uniform Resource Identifier <a href="http://www.loc.gov/catdir/enhancements/fy0832/00022951-b.html">http://www.loc.gov/catdir/enhancements/fy0832/00022951-b.html</a>
856 42 - ELECTRONIC LOCATION AND ACCESS
Uniform Resource Identifier <a href="http://www.loc.gov/catdir/enhancements/fy0832/00022951-d.html">http://www.loc.gov/catdir/enhancements/fy0832/00022951-d.html</a>
942 ## - Koha item type (Biblio)
Koha item type Books in Stacks (Lending)
Holdings
Lost status Damaged status Collection code Home library Current library Date acquired Full call number Accession Number Item type
    Lending WERC Library WERC Library 02/02/2024 306 4224 Books in Stacks (Lending)

© WERC Library